[Event "Bayern-chTT (RL Sued-Ost)"]
[Site "Bayern 2008/09"]
[Date "2009.02.01"]
[Round "6.1"]
[White "Berchtenbreiter, Maximilian"]
[Black "Klinger, Sebastian"]
[Result "1/2-1/2"]
[WhiteElo "2146"]
[BlackElo "2174"]
[PlyCount "142"]
[EventDate "2009.03.??"]
[EventType "team-tourn"]
[EventRounds "9"]
[WhiteTeam "Pang/Ro.2"]
[BlackTeam "Freising 1"]

1. Nf3 g6 2. d4 Bg7 3. c4 Nf6 4. Nc3 O-O 5. g3 d6 6. Bg2 Nbd7 7. O-O e5 8. e4
a5 9. h3 Qe7 10. b3 Re8 11. Re1 h6 12. Ba3 Qd8 13. Qd2 Nh7 14. dxe5 dxe5 15.
Rad1 Nhf8 16. Nb5 Ne6 17. h4 Qf6 18. Nh2 Kh7 19. Bh3 Qd8 20. Bb2 h5 21. Nf3 f6
22. Bc3 a4 23. Ba5 b6 24. Bxe6 Rxe6 25. Qd5 c6 26. Qxe6 cxb5 27. Bb4 axb3 28.
axb3 bxc4 29. Qc6 Ra7 30. bxc4 Rc7 31. Qxb6 Nxb6 32. Rxd8 Rxc4 33. Bf8 Bxf8 34.
Rxf8 Kg7 35. Rd8 Bg4 36. Nd2 Rc2 37. f3 Bh3 38. Rb1 Nd7 39. Rd1 Kf7 40. Kf2 Nc5
41. Ke3 Rc3+ 42. Ke2 Ne6 43. Rd7+ Ke8 44. Nb1 Rb3 45. R7d3 Nd4+ 46. Ke3 Rb2 47.
Nc3 Rg2 48. Rxd4 exd4+ 49. Rxd4 Rxg3 50. Ne2 Rg2 51. Nf4 Rh2 52. Rd2 Rh1 53.
Nxg6 Bc8 54. Kf2 Rh2+ 55. Ke3 Rh3 56. Nf4 Rxh4 57. Rc2 Bd7 58. Nd5 f5 59. e5
Be6 60. Nf4 Bb3 61. Rc3 Ba2 62. Rc8+ Kd7 63. Rf8 Rh1 64. Rxf5 h4 65. Rh5 Bb1
66. Kf2 Bc2 67. Kg2 Re1 68. Kf2 Rh1 69. Kg2 Re1 70. Kh3 Re3 71. Kg2 Re1 1/2-1/2

[Event "Bayern-chTT (RL Sued-Ost)"]
[Site "Bayern 2008/09"]
[Date "2009.02.01"]
[Round "6.2"]
[White "Zill, Christoph"]
[Black "Graf, Christian(61)"]
[Result "1-0"]
[WhiteElo "2144"]
[BlackElo "2064"]
[PlyCount "129"]
[EventDate "2009.03.??"]
[EventType "team-tourn"]
[EventRounds "9"]
[WhiteTeam "Freising 1"]
[BlackTeam "Pang/Ro.2"]

1. e4 c6 2. d4 d5 3. Nc3 dxe4 4. Nxe4 Nf6 5. Nxf6+ exf6 6. c3 Bd6 7. Ne2 O-O 8.
Be3 Re8 9. Qd2 Be6 10. Ng3 f5 11. Bd3 f4 12. Bxf4 Bxa2+ 13. Be3 Bd5 14. O-O b5
15. Nf5 Bf8 16. Rfe1 Nd7 17. Bf4 Nb6 18. Qc2 Bc4 19. Be4 Bd5 20. f3 a5 21. Ne3
Bxe4 22. fxe4 a4 23. Rad1 Bd6 24. Bxd6 Qxd6 25. c4 bxc4 26. Nxc4 Nxc4 27. Qxc4
Qe6 28. Rc1 Reb8 29. Re2 Qxc4 30. Rxc4 Ra6 31. Rec2 f6 32. Kf2 Kf7 33. h4 h5
34. Kf3 g6 35. Kf4 Rb5 36. g3 Ke7 37. e5 fxe5+ 38. dxe5 Kf7 39. Rxc6 Rxc6 40.
Rxc6 Rxb2 41. Rf6+ Ke7 42. Rxg6 Rb4+ 43. Kf5 a3 44. Rg7+ Kf8 45. Ra7 Rb3 46. g4
hxg4 47. Kxg4 Rb4+ 48. Kg5 Re4 49. Kf6 Rf4+ 50. Ke6 Rxh4 51. Ra8+ Kg7 52. Rxa3
Rb4 53. Rd3 Rb6+ 54. Ke7 Rb7+ 55. Rd7 Rb5 56. Ke8+ Kg8 57. e6 Rb8+ 58. Rd8 Rb7
59. Rd4 Rb8+ 60. Ke7 Rb7+ 61. Kf6 Rb6 62. Rd8+ Kh7 63. Kf7 Rb1 64. e7 Rb7 65.
Kf8 1-0

[Event "Bayern-chTT (RL Sued-Ost)"]
[Site "Bayern 2008/09"]
[Date "2009.02.01"]
[Round "6.3"]
[White "Heigermoser, Robert"]
[Black "Knitl, Anton"]
[Result "1-0"]
[WhiteElo "2014"]
[BlackElo "2144"]
[PlyCount "113"]
[EventDate "2009.03.??"]
[EventType "team-tourn"]
[EventRounds "9"]
[WhiteTeam "Pang/Ro.2"]
[BlackTeam "Freising 1"]

1. e4 c5 2. Nf3 e6 3. d4 cxd4 4. Nxd4 Nc6 5. Nc3 Qc7 6. Be3 a6 7. Be2 b5 8.
Nxc6 Qxc6 9. e5 Bb7 10. Bf3 Qc7 11. Ne4 Qxe5 12. Bd4 Qc7 13. Qe2 Nh6 14. g4 Rc8
15. O-O-O Rg8 16. Kb1 Be7 17. Rhe1 b4 18. Qd2 d5 19. Ng3 g5 20. Nf5 Nxf5 21.
gxf5 g4 22. Be2 Bg5 23. Qxb4 Be7 24. Qd2 Bg5 25. Qb4 Be7 26. Qa4+ Bc6 27. Qxa6
Bd7 28. Bd3 Rg5 29. fxe6 fxe6 30. Rxe6 Bxe6 31. Qxe6 Qd7 32. Bb5 Qxb5 33. Qxc8+
Kf7 34. Qh8 Rh5 35. Qg7+ Ke8 36. Re1 Qb4 37. c3 Qd6 38. Qxg4 Rg5 39. Qf3 Qg6+
40. Kc1 Rf5 41. Qe3 Rf7 42. Qe5 Qh6+ 43. Kb1 Qg6+ 44. Ka1 Qc6 45. a3 Kd7 46. f4
Kc8 47. f5 Qd7 48. Qh8+ Kb7 49. f6 Bd8 50. Re8 Qf5 51. Qg8 Rd7 52. Ka2 Qf1 53.
Qe6 Qc4+ 54. Kb1 Qd3+ 55. Kc1 Qb5 56. Re7 Bxe7 57. fxe7 1-0

[Event "Bayern-chTT (RL Sued-Ost)"]
[Site "Bayern 2008/09"]
[Date "2009.02.01"]
[Round "6.4"]
[White "Bauer, Robert(67)"]
[Black "Richter, Martin Dr(66)"]
[Result "1/2-1/2"]
[WhiteElo "2060"]
[BlackElo "2093"]
[PlyCount "65"]
[EventDate "2009.03.??"]
[EventType "team-tourn"]
[EventRounds "9"]
[WhiteTeam "Freising 1"]
[BlackTeam "Pang/Ro.2"]

1. e4 e5 2. Nf3 Nc6 3. Bc4 Nf6 4. d3 Bc5 5. c3 d6 6. b4 Bb6 7. Nbd2 O-O 8. Bb3
Bg4 9. h3 Bh5 10. g4 Bg6 11. a4 a6 12. Nc4 d5 13. Nxb6 cxb6 14. g5 dxe4 15.
gxf6 exf3 16. fxg7 Re8 17. Qxf3 e4 18. dxe4 Ne5 19. Qg3 Bxe4 20. f3 Qd3 21. Kf2
Bxf3 22. Bf4 Qe2+ 23. Kg1 Bxh1 24. Bxe5 Qxe5 25. Bxf7+ Kxf7 26. Rf1+ Qf6 27.
Qc7+ Re7 28. Qc4+ Kxg7 29. Rxf6 Kxf6 30. Qf4+ Kg6 31. Qg4+ Kf6 32. Qf4+ Kg6 33.
Qg4+ 1/2-1/2

[Event "Bayern-chTT (RL Sued-Ost)"]
[Site "Bayern 2008/09"]
[Date "2009.02.01"]
[Round "6.5"]
[White "Rosner, Gerhard"]
[Black "Trapp, Maximilian"]
[Result "1/2-1/2"]
[WhiteElo "2043"]
[BlackElo "2105"]
[PlyCount "123"]
[EventDate "2009.03.??"]
[EventType "team-tourn"]
[EventRounds "9"]
[WhiteTeam "Pang/Ro.2"]
[BlackTeam "Freising 1"]

1. d4 d5 2. Nf3 e6 3. Bf4 Nf6 4. c3 Be7 5. Nbd2 O-O 6. e3 b6 7. Ne5 Bb7 8. Bg3
c5 9. f4 Nc6 10. Be2 Nd7 11. O-O f5 12. Bb5 Ndxe5 13. fxe5 a6 14. Be2 b5 15. a4
Qb6 16. Nf3 bxa4 17. Qd2 Na5 18. Rxa4 Bc6 19. Ra2 Bb5 20. Re1 Bxe2 21. Qxe2 Nb3
22. Bh4 Bxh4 23. Nxh4 f4 24. Nf3 fxe3 25. Qxe3 cxd4 26. Nxd4 Nxd4 27. Qxd4 Qb5
28. b4 a5 29. Rea1 a4 30. Qc5 Qxc5+ 31. bxc5 Rf4 32. Rb1 Rc4 33. Rb4 Rxc3 34.
Rbxa4 Rxa4 35. Rxa4 Rxc5 36. Ra6 Kf7 37. Ra7+ Kg6 38. Re7 Kf5 39. Rxg7 Kxe5 40.
Rxh7 Ke4 41. Rf7 d4 42. Kf2 e5 43. h4 Kd3 44. Rf3+ Kd2 45. Rf5 d3 46. h5 Kc2
47. Ke3 d2 48. Rf2 Rc3+ 49. Ke4 Kc1 50. Rf1+ d1=Q 51. Rxd1+ Kxd1 52. Kxe5 Rc5+
53. Kf6 Rxh5 54. g4 Rh6+ 55. Kf7 Rh7+ 56. Kf6 Ke2 57. g5 Kf3 58. g6 Rh6 59. Kf7
Kf4 60. g7 Rh7 61. Kg6 Rxg7+ 62. Kxg7 1/2-1/2

[Event "Bayern-chTT (RL Sued-Ost)"]
[Site "Bayern 2008/09"]
[Date "2009.02.01"]
[Round "6.6"]
[White "Dost, Andreas"]
[Black "Kiener, Georg"]
[Result "0-1"]
[WhiteElo "2012"]
[BlackElo "2032"]
[PlyCount "74"]
[EventDate "2009.03.??"]
[EventType "team-tourn"]
[EventRounds "9"]
[WhiteTeam "Freising 1"]
[BlackTeam "Pang/Ro.2"]

1. c4 Nf6 2. Nf3 c5 3. g3 b6 4. Bg2 Bb7 5. O-O e6 6. Nc3 a6 7. Re1 d6 8. e4
Nbd7 9. d4 cxd4 10. Nxd4 Qc7 11. Be3 Rc8 12. Rc1 Qb8 13. Qe2 Be7 14. f4 O-O 15.
Bf2 Qa8 16. g4 g6 17. Nc2 Rfe8 18. g5 Nh5 19. Be3 Nc5 20. Bd2 Bf8 21. Bf3 Bg7
22. Qg2 Nd3 23. Bxh5 gxh5 24. Re3 Nxc1 25. Bxc1 Rxc4 26. Qe2 b5 27. a3 d5 28.
exd5 Bxd5 29. Nxd5 Qxd5 30. Rd3 Qc5+ 31. Be3 Rxc2 32. Qxh5 Rc1+ 33. Kf2 Rc2+
34. Ke1 Qc6 35. Bd2 Qe4+ 36. Re3 Qh1+ 37. Ke2 Qg2+ 0-1

[Event "Bayern-chTT (RL Sued-Ost)"]
[Site "Bayern 2008/09"]
[Date "2009.02.01"]
[Round "6.7"]
[White "Uhlmann, David"]
[Black "Benischek, Wolfgang"]
[Result "0-1"]
[WhiteElo "1881"]
[BlackElo "1953"]
[PlyCount "56"]
[EventDate "2009.03.??"]
[EventType "team-tourn"]
[EventRounds "9"]
[WhiteTeam "Pang/Ro.2"]
[BlackTeam "Freising 1"]

1. d4 Nf6 2. c4 g6 3. Nc3 Bg7 4. e4 O-O 5. f3 c5 6. d5 d6 7. Be3 e6 8. Qd2 exd5
9. cxd5 Re8 10. Nge2 Nbd7 11. Ng3 a6 12. a4 Qa5 13. Ra3 Ne5 14. Be2 Qb4 15. O-O
Bd7 16. Qc2 Nc4 17. Bxc4 Qxc4 18. Qb3 Qxb3 19. Rxb3 b5 20. axb5 axb5 21. Rxb5
Bxb5 22. Nxb5 Nxd5 23. Bf2 Reb8 24. Nxd6 Nf4 25. Bxc5 Rxb2 26. Bf2 Raa2 27. Nc4
Rxf2 28. Rxf2 Bd4 0-1

[Event "Bayern-chTT (RL Sued-Ost)"]
[Site "Bayern 2008/09"]
[Date "2009.02.01"]
[Round "6.8"]
[White "Wolf, Dietrich Hans(36)"]
[Black "Renner, Adrian"]
[Result "1-0"]
[WhiteElo "1918"]
[BlackElo "1872"]
[PlyCount "69"]
[EventDate "2009.03.??"]
[EventType "team-tourn"]
[EventRounds "9"]
[WhiteTeam "Freising 1"]
[BlackTeam "Pang/Ro.2"]

1. e4 c5 2. Nf3 e6 3. d4 cxd4 4. Nxd4 Qb6 5. Nb3 Qc7 6. Nc3 a6 7. Be3 b5 8. Bd3
Bb7 9. O-O d6 10. Nd4 Nd7 11. f4 Ngf6 12. a3 Nc5 13. Qf3 Rc8 14. Rac1 Qb8 15.
b4 Nxd3 16. cxd3 Be7 17. g4 h5 18. g5 Ng4 19. h3 Nxe3 20. Qxe3 Qa7 21. h4 Bd8
22. Nce2 e5 23. Nf5 Qxe3+ 24. Nxe3 Bb6 25. Kf2 Rxc1 26. Rxc1 f6 27. g6 Kd7 28.
Kf3 Rh6 29. Rg1 Bxe3 30. Kxe3 d5 31. fxe5 fxe5 32. Rg5 Ke6 33. d4 exd4+ 34.
Nxd4+ Kf6 35. e5+ 1-0

[Event "Bayern-chTT (RL Sued-Ost)"]
[Site "Bayern 2008/09"]
[Date "2009.02.01"]
[Round "6.1"]
[White "Terzic, Safet"]
[Black "Lammers, Markus"]
[Result "1/2-1/2"]
[WhiteElo "2199"]
[BlackElo "2243"]
[PlyCount "88"]
[EventDate "2009.03.??"]
[EventType "team-tourn"]
[EventRounds "9"]
[WhiteTeam "Starnberg 1"]
[BlackTeam "Ilmmünster 1"]

1. d4 Nf6 2. c4 c5 3. d5 e6 4. Nc3 exd5 5. cxd5 d6 6. e4 g6 7. Nf3 Bg7 8. Be2
O-O 9. O-O Na6 10. Nd2 Re8 11. f3 Nc7 12. a4 b6 13. Nc4 Ba6 14. Bg5 Qd7 15. Qd2
Bxc4 16. Bxc4 a6 17. Qe2 h6 18. Be3 Nh5 19. g4 Nf6 20. Kh1 Re7 21. Qd2 Kh7 22.
h3 Rb8 23. Be2 b5 24. axb5 axb5 25. Ra7 Qe8 26. Rfa1 b4 27. Nd1 Nb5 28. Bxb5
Rxb5 29. Bf4 Rxa7 30. Rxa7 Nxe4 31. Qe3 Nf6 32. Qxe8 Nxe8 33. Rxf7 c4 34. Ne3
c3 35. bxc3 b3 36. Nc4 Rc5 37. Nxd6 Kg8 38. Rb7 Nxd6 39. Bxd6 Rxd5 40. Ba3 Rd1+
41. Kg2 Rb1 42. Rb8+ Kf7 43. Rb7+ Kg8 44. Rb8+ Kf7 1/2-1/2

[Event "Bayern-chTT (RL Sued-Ost)"]
[Site "Bayern 2008/09"]
[Date "2009.02.01"]
[Round "6.3"]
[White "Tuchenhagen, Axel"]
[Black "Loder, Wilhelm"]
[Result "1-0"]
[WhiteElo "2083"]
[BlackElo "2096"]
[PlyCount "123"]
[EventDate "2009.03.??"]
[EventType "team-tourn"]
[EventRounds "9"]
[WhiteTeam "Starnberg 1"]
[BlackTeam "Ilmmünster 1"]

1. d4 Nf6 2. c4 g6 3. Nc3 Bg7 4. e4 d6 5. Nge2 c6 6. f3 a6 7. Be3 b5 8. Ng3
Nbd7 9. Qd2 Rb8 10. Be2 O-O 11. O-O bxc4 12. Bxc4 d5 13. Be2 e5 14. exd5 cxd5
15. Rfd1 Re8 16. Rac1 Qa5 17. b3 Bb7 18. Bf1 Rbc8 19. Nge2 exd4 20. Nxd4 Ne5
21. Bf2 h6 22. Rc2 Kh7 23. Na4 Qxd2 24. Rdxd2 Ned7 25. b4 Bf8 26. a3 Rxc2 27.
Rxc2 Rc8 28. Rxc8 Bxc8 29. Nb3 Kg8 30. Bc5 Ne8 31. Kf2 Nd6 32. Nd4 Bb7 33. Ba7
Nc8 34. Nc5 Nxc5 35. Bxc5 Bxc5 36. bxc5 Na7 37. Ke3 Kf8 38. Kd3 Ke7 39. Kc3 Kd7
40. Bd3 Kc7 41. f4 Nc6 42. Nxc6 Kxc6 43. Kd4 Bc8 44. Be2 f6 45. Bf3 Be6 46. g4
g5 47. f5 Bg8 48. Bd1 Bf7 49. Bb3 a5 50. Ba4+ Kc7 51. Bb5 Bg8 52. Be8 Kb7 53.
Bd7 Bf7 54. Be6 Be8 55. Kxd5 Kc7 56. Kc4 Ba4 57. Bd5 Bd1 58. Be4 Be2+ 59. Kb3
Bd1+ 60. Kc4 Be2+ 61. Kd5 Bxg4 62. Ke6 1-0

[Event "Bayern-chTT (RL Sued-Ost)"]
[Site "Bayern 2008/09"]
[Date "2009.02.01"]
[Round "6.4"]
[White "Seisenberger, Georg"]
[Black "Gschwendtner, Klaus"]
[Result "1-0"]
[WhiteElo "2051"]
[BlackElo "2070"]
[PlyCount "115"]
[EventDate "2009.03.??"]
[EventType "team-tourn"]
[EventRounds "9"]
[WhiteTeam "Ilmmünster 1"]
[BlackTeam "Starnberg 1"]

1. d4 d5 2. c4 e6 3. Nc3 Nf6 4. Bg5 Be7 5. cxd5 exd5 6. e3 O-O 7. Bd3 c6 8. Qc2
Nbd7 9. Nge2 Re8 10. O-O Nf8 11. a3 Be6 12. f3 Rc8 13. b4 Ng6 14. Kh1 a5 15.
Rab1 axb4 16. axb4 Nd7 17. Bxe7 Qxe7 18. e4 dxe4 19. fxe4 Nb6 20. Nf4 Nxf4 21.
Rxf4 Rcd8 22. Qf2 Bc4 23. Bxc4 Nxc4 24. e5 Qd7 25. Ne4 Kh8 26. Nc5 Qd5 27. Nxb7
Rd7 28. Nc5 Rde7 29. Rf1 Kg8 30. Ne4 Nxe5 31. dxe5 Qxe5 32. Nc5 f6 33. h3 Qc3
34. Qf3 Re3 35. Qg4 Rg3 36. R4f3 Rxg4 37. Rxc3 Rxb4 38. Rfc1 Re2 39. R3c2 Rxc2
40. Rxc2 Rb6 41. Nd7 Ra6 42. Nb8 Ra1+ 43. Kh2 h5 44. Nxc6 Kh7 45. Nd4 h4 46.
Rc7 Re1 47. Nf5 Re5 48. Nxh4 Rd5 49. Nf3 Kh6 50. Rc2 g6 51. Rc6 Kg7 52. Kg3 Ra5
53. Rc7+ Kh6 54. Rf7 Ra6 55. Nh2 Ra3+ 56. Nf3 Ra6 57. h4 Rb6 58. Kh3 1-0

[Event "Bayern-chTT (RL Sued-Ost)"]
[Site "Bayern 2008/09"]
[Date "2009.02.01"]
[Round "6.5"]
[White "Pappenheim, Rainer Dr"]
[Black "Reischl, Markus"]
[Result "0-1"]
[WhiteElo "1924"]
[BlackElo "2058"]
[PlyCount "130"]
[EventDate "2009.03.??"]
[EventType "team-tourn"]
[EventRounds "9"]
[WhiteTeam "Starnberg 1"]
[BlackTeam "Ilmmünster 1"]

1. e4 c5 2. Nf3 d6 3. Nc3 Nf6 4. d4 cxd4 5. Nxd4 a6 6. Be3 e5 7. Nb3 Be7 8. f3
Be6 9. Qd2 O-O 10. O-O-O Nbd7 11. g4 b5 12. g5 b4 13. Ne2 Ne8 14. Kb1 a5 15.
Ng3 a4 16. Nc1 Rb8 17. h4 Nc5 18. h5 b3 19. cxb3 axb3 20. a3 Rc8 21. g6 Na4 22.
Bd3 d5 23. h6 fxg6 24. hxg7 Rxf3 25. Qh2 Bh4 26. exd5 Rxe3 27. dxe6 Rxg3 28.
Bxg6 Rxc1+ 29. Rxc1 Rxg6 30. Qxh4 Qxh4 31. Rxh4 Nb6 32. a4 Rxe6 33. a5 Nd5 34.
Rc8 Ndc7 35. Rc4 Kxg7 36. R8xc7+ Nxc7 37. Rxc7+ Kg6 38. Rb7 Kf5 39. Rxh7 Ra6
40. Rb7 Rxa5 41. Rxb3 e4 42. Kc2 Rd5 43. Rb8 Kf4 44. Rf8+ Kg3 45. Re8 Kf3 46.
Rf8+ Ke2 47. Rc8 e3 48. Rh8 Rc5+ 49. Kb1 Kd2 50. Rd8+ Ke1 51. b4 Rc4 52. b5
Rb4+ 53. Kc2 Rxb5 54. Kd3 e2 55. Kc2 Rc5+ 56. Kd3 Re5 57. Rf8 Re7 58. Kc2 Rc7+
59. Kb1 Rc5 60. Kb2 Kd2 61. Rd8+ Ke3 62. Re8+ Kf3 63. Kb1 Rf5 64. Kc2 Kf2 65.
Kd2 Rd5+ 0-1

[Event "Bayern-chTT (RL Sued-Ost)"]
[Site "Bayern 2008/09"]
[Date "2009.02.01"]
[Round "6.6"]
[White "Kampert, Andreas"]
[Black "Rulik, Oliver"]
[Result "1/2-1/2"]
[WhiteElo "2057"]
[BlackElo "1940"]
[PlyCount "34"]
[EventDate "2009.03.??"]
[EventType "team-tourn"]
[EventRounds "9"]
[WhiteTeam "Ilmmünster 1"]
[BlackTeam "Starnberg 1"]

1. e4 g6 2. f4 Bg7 3. Nf3 c5 4. Nc3 Nc6 5. Bc4 e6 6. O-O Nge7 7. Qe1 a6 8. a4
O-O 9. d3 d5 10. Bb3 Nd4 11. Nxd4 Bxd4+ 12. Kh1 Bg7 13. Qh4 dxe4 14. Nxe4 Nf5
15. Qxd8 Rxd8 16. Nxc5 b6 17. Ne4 Nd4 1/2-1/2

[Event "Bayern-chTT (RL Sued-Ost)"]
[Site "Bayern 2008/09"]
[Date "2009.02.01"]
[Round "6.7"]
[White "Winkler, Stefan(58)"]
[Black "Niedermeier, Thomas(90)"]
[Result "1/2-1/2"]
[WhiteElo "1851"]
[BlackElo "1976"]
[PlyCount "120"]
[EventDate "2009.03.??"]
[EventType "team-tourn"]
[EventRounds "9"]
[WhiteTeam "Starnberg 1"]
[BlackTeam "Ilmmünster 1"]

1. c4 Nf6 2. Nc3 g6 3. g3 Bg7 4. Bg2 O-O 5. Nf3 c5 6. O-O d5 7. cxd5 Nxd5 8.
Nxd5 Qxd5 9. d3 Nc6 10. Ng5 Qd7 11. Rb1 b6 12. Qa4 Bb7 13. Qh4 h6 14. Ne4 f5
15. Nc3 Kh7 16. g4 fxg4 17. Be4 Ne5 18. b4 Bxe4 19. Nxe4 c4 20. dxc4 Qf5 21.
Nd2 Nxc4 22. Rb3 Nxd2 23. Bxd2 Qc2 24. Rd3 Rf7 25. Qxg4 Raf8 26. a3 e5 27. Rc1
Qa2 28. Rd6 Rf6 29. Rd7 Rxf2 30. Bxh6 R8f7 31. Rxf7 Rxf7 32. Be3 Rf5 33. Rc6
Qa1+ 34. Bc1 Qd4+ 35. Qxd4 exd4 36. Rc7 a5 37. Bb2 Kg8 38. Rd7 axb4 39. axb4
Rf4 40. Rd6 d3 41. Bxg7 Kxg7 42. exd3 Rxb4 43. Kf2 b5 44. Rb6 Rb2+ 45. Ke3 b4
46. h4 b3 47. Kd4 Rh2 48. Rxb3 Rxh4+ 49. Ke5 Rh8 50. Rb7+ Kh6 51. d4 Re8+ 52.
Kf6 Rd8 53. Rb1 Kh5 54. Rb5+ Kh4 55. d5 g5 56. Ke7 Rg8 57. d6 g4 58. d7 g3 59.
d8=Q Rxd8 60. Kxd8 g2 1/2-1/2

[Event "Bayern-chTT (RL Sued-Ost)"]
[Site "Bayern 2008/09"]
[Date "2009.02.01"]
[Round "6.8"]
[White "Schwertler, Philipp"]
[Black "Kraft, Dieter Dr(36)"]
[Result "1-0"]
[WhiteElo "1944"]
[BlackElo "1767"]
[PlyCount "73"]
[EventDate "2009.03.??"]
[EventType "team-tourn"]
[EventRounds "9"]
[WhiteTeam "Ilmmünster 1"]
[BlackTeam "Starnberg 1"]

1. d4 Nf6 2. c4 g6 3. Nc3 Bg7 4. e4 d6 5. f4 O-O 6. Nf3 c5 7. d5 Na6 8. Be2 Nc7
9. O-O a6 10. a4 Rb8 11. Ra3 Bd7 12. a5 b5 13. axb6 Rxb6 14. Qe1 Qb8 15. Ng5 h6
16. Nf3 e6 17. e5 Nfe8 18. exd6 Nxd6 19. Ne5 Qe8 20. Be3 Nb7 21. Nxd7 Qxd7 22.
Na4 Qd6 23. Nxb6 Qxb6 24. Qd2 Rd8 25. f5 gxf5 26. Bxh6 Qxb2 27. Qxb2 Bxb2 28.
Rg3+ Kh7 29. Rh3 Kg6 30. Bf4 Bd4+ 31. Kh1 e5 32. Bd2 Nd6 33. g4 f4 34. Rb3 Ne4
35. Bd3 f5 36. gxf5+ Kxf5 37. Re1 1-0

[Event "Bayern-chTT (RL Sued-Ost)"]
[Site "Bayern 2008/09"]
[Date "2009.02.01"]
[Round "6.1"]
[White "Zenker, Ulrich"]
[Black "Riedel, Wolfgang(52)"]
[Result "1/2-1/2"]
[WhiteElo "2163"]
[BlackElo "2209"]
[PlyCount "83"]
[EventDate "2009.03.??"]
[EventType "team-tourn"]
[EventRounds "9"]
[WhiteTeam "Ebersberg 1"]
[BlackTeam "Gräfelfing 1"]

1. e4 c5 2. c3 e6 3. d4 d5 4. e5 Nc6 5. Nf3 Qb6 6. Be2 Nh6 7. Bxh6 gxh6 8. Qd2
cxd4 9. cxd4 Bg7 10. O-O O-O 11. Na3 f6 12. exf6 Rxf6 13. Nc2 Bd7 14. b4 a6 15.
a4 Rxf3 16. Bxf3 Nxd4 17. Nxd4 Qxd4 18. Qxd4 Bxd4 19. Rac1 Be5 20. Bg4 Bd6 21.
f4 Rf8 22. g3 Kg7 23. b5 axb5 24. axb5 Kf6 25. Rb1 b6 26. Kg2 Bc5 27. Rfe1 Ra8
28. Re2 Rg8 29. Bf3 Ra8 30. Rc2 Rd8 31. Be2 Be8 32. Bd3 Bg6 33. Bxg6 hxg6 34.
Ra1 d4 35. Kf3 Rd7 36. Rca2 Bb4 37. Rd1 d3 38. Rb2 Ba5 39. Rb3 d2 40. h4 Rd5
41. Ke2 e5 42. fxe5+ 1/2-1/2

[Event "Bayern-chTT (RL Sued-Ost)"]
[Site "Bayern 2008/09"]
[Date "2009.02.01"]
[Round "6.2"]
[White "Gesing, Oliver"]
[Black "Schweiger, Georg"]
[Result "1/2-1/2"]
[WhiteElo "2079"]
[BlackElo "2059"]
[PlyCount "66"]
[EventDate "2009.03.??"]
[EventType "team-tourn"]
[EventRounds "9"]
[WhiteTeam "Gräfelfing 1"]
[BlackTeam "Ebersberg 1"]

1. e4 e6 2. d4 d5 3. Nc3 Nf6 4. Bg5 Bb4 5. e5 h6 6. Bd2 Bxc3 7. bxc3 Ne4 8. Qg4
g6 9. Bd3 Nxd2 10. Kxd2 c5 11. Nf3 Qa5 12. Qf4 Nd7 13. h4 b6 14. Rh3 Ba6 15.
dxc5 bxc5 16. Bxa6 Qxa6 17. Rb1 Qxa2 18. Rb7 Qc4 19. Qxc4 dxc4 20. Ke3 Nb6 21.
Nd2 O-O 22. Ne4 Nd5+ 23. Kf3 Rfb8 24. Rxb8+ Rxb8 25. Rh1 a5 26. Ra1 Ra8 27. Ra3
a4 28. Nxc5 Nxc3 29. Rxc3 a3 30. Rxc4 a2 31. Nb3 Ra3 32. Ke2 Rxb3 33. Ra4 Rb4
1/2-1/2

[Event "Bayern-chTT (RL Sued-Ost)"]
[Site "Bayern 2008/09"]
[Date "2009.02.01"]
[Round "6.3"]
[White "Brem, Stephan"]
[Black "Hofmann, Juergen(59)"]
[Result "0-1"]
[WhiteElo "1993"]
[BlackElo "2168"]
[PlyCount "70"]
[EventDate "2009.03.??"]
[EventType "team-tourn"]
[EventRounds "9"]
[WhiteTeam "Ebersberg 1"]
[BlackTeam "Gräfelfing 1"]

1. e4 c5 2. b3 Nf6 3. e5 Nd5 4. c4 Nc7 5. Bb2 Nc6 6. Nf3 Ne6 7. Nc3 g6 8. Nd5
Bg7 9. Bd3 Ned4 10. Nxd4 cxd4 11. f4 d6 12. O-O dxe5 13. fxe5 Bxe5 14. b4 e6
15. Qe2 O-O 16. b5 exd5 17. bxc6 Qd6 18. cxd5 bxc6 19. dxc6 Rb8 20. Rab1 Be6
21. Bc4 Rxb2 22. Rxb2 d3 23. Qe4 Bxc4 24. Rbb1 Bxh2+ 25. Kh1 Bd5 26. Qh4 Bg3
27. Qg5 Be5 28. Rbc1 f6 29. Qe3 Bxc6 30. Qxa7 Qb4 31. Qf2 Qg4 32. Rfd1 Bxg2+
33. Qxg2 Qh4+ 34. Kg1 Bd4+ 35. Kf1 Qf4+ 0-1

[Event "Bayern-chTT (RL Sued-Ost)"]
[Site "Bayern 2008/09"]
[Date "2009.02.01"]
[Round "6.4"]
[White "Luft, Martin"]
[Black "Krause, Christian(42)"]
[Result "1/2-1/2"]
[WhiteElo "2109"]
[BlackElo "1965"]
[PlyCount "45"]
[EventDate "2009.03.??"]
[EventType "team-tourn"]
[EventRounds "9"]
[WhiteTeam "Gräfelfing 1"]
[BlackTeam "Ebersberg 1"]

1. c4 g6 2. Nc3 Bg7 3. d4 d6 4. Nf3 Nf6 5. Bg5 O-O 6. e4 c5 7. d5 a6 8. Bd2 Bg4
9. h3 Bxf3 10. Qxf3 Nbd7 11. Be2 e6 12. dxe6 fxe6 13. Qg3 Ne5 14. Bf4 Nh5 15.
Bxh5 Rxf4 16. Be2 Qf8 17. O-O Nc6 18. Qd3 Bd4 19. Nd1 Ne5 20. Qc2 Qh6 21. g3
Qxh3 22. gxf4 Qg3+ 23. Kh1 1/2-1/2

[Event "Bayern-chTT (RL Sued-Ost)"]
[Site "Bayern 2008/09"]
[Date "2009.02.01"]
[Round "6.5"]
[White "Gil, Arthur"]
[Black "Wuerdinger, Alexander"]
[Result "0-1"]
[WhiteElo "1984"]
[BlackElo "2074"]
[PlyCount "52"]
[EventDate "2009.03.??"]
[EventType "team-tourn"]
[EventRounds "9"]
[WhiteTeam "Ebersberg 1"]
[BlackTeam "Gräfelfing 1"]

1. e4 c5 2. Nf3 Nc6 3. d4 cxd4 4. Nxd4 Nf6 5. Nc3 e6 6. Ndb5 d6 7. Bf4 e5 8.
Bg5 a6 9. Na3 b5 10. Bxf6 gxf6 11. Nd5 f5 12. c3 Bg7 13. Bd3 Be6 14. Qf3 Bxd5
15. exd5 e4 16. Qxf5 exd3 17. dxc6 Qe7+ 18. Kf1 Qe2+ 19. Kg1 O-O 20. Rf1 Rfe8
21. Qf3 Qxb2 22. Nb1 d2 23. Qd3 Bh6 24. g3 Re1 25. Nxd2 Qxd2 26. Qf3 Qe2 0-1

[Event "Bayern-chTT (RL Sued-Ost)"]
[Site "Bayern 2008/09"]
[Date "2009.02.01"]
[Round "6.6"]
[White "Schneider, Richard(60)"]
[Black "Kramer, Melik Kurt"]
[Result "1-0"]
[WhiteElo "2100"]
[BlackElo "1955"]
[PlyCount "57"]
[EventDate "2009.03.??"]
[EventType "team-tourn"]
[EventRounds "9"]
[WhiteTeam "Gräfelfing 1"]
[BlackTeam "Ebersberg 1"]

1. Nf3 d5 2. c4 c6 3. d4 Nf6 4. Nc3 e6 5. e3 Nbd7 6. Bd3 Be7 7. O-O O-O 8. b3
b6 9. Bb2 Bb7 10. Qc2 Rc8 11. Rad1 Qc7 12. Ne5 Bd6 13. f4 Rfd8 14. e4 dxe4 15.
Nxe4 Nxe4 16. Bxe4 Nf6 17. Bf3 c5 18. d5 exd5 19. cxd5 Re8 20. Qf5 b5 21. g4
Rcd8 22. g5 Bc8 23. Qc2 Nd7 24. Nxf7 Kxf7 25. Qxh7 Rg8 26. Bh5+ Kf8 27. Qg6 Nb6
28. Rfe1 c4 29. Re8+ 1-0

[Event "Bayern-chTT (RL Sued-Ost)"]
[Site "Bayern 2008/09"]
[Date "2009.02.01"]
[Round "6.7"]
[White "Bauer, Frank(75)"]
[Black "Hock, Martin"]
[Result "1/2-1/2"]
[WhiteElo "1935"]
[BlackElo "1990"]
[PlyCount "73"]
[EventDate "2009.03.??"]
[EventType "team-tourn"]
[EventRounds "9"]
[WhiteTeam "Ebersberg 1"]
[BlackTeam "Gräfelfing 1"]

1. c4 e5 2. Nc3 Nf6 3. Nf3 d6 4. g3 g6 5. Bg2 Bg7 6. O-O O-O 7. b3 c6 8. Bb2
Nbd7 9. d4 Re8 10. e3 Qc7 11. Rc1 Nf8 12. Qd2 Bg4 13. h3 Bxf3 14. Bxf3 Rad8 15.
Qc2 exd4 16. exd4 Re7 17. d5 c5 18. Rfe1 Rde8 19. Qd2 a6 20. Rxe7 Qxe7 21. Kf1
N6d7 22. Re1 Qxe1+ 23. Qxe1 Rxe1+ 24. Kxe1 f5 25. Nd1 Ne5 26. Be2 Nfd7 27. f4
Nf7 28. Bxg7 Kxg7 29. Ne3 Nf6 30. Bd3 Nh6 31. Kf2 Nh5 32. Be2 Nf6 33. Bd3 Kf7
34. Kf3 Nh5 35. Nd1 Ng7 36. Ne3 Kf6 37. Bc2 1/2-1/2